| 000 | 00554nam a22002297a 4500 | ||
|---|---|---|---|
| 005 | 20230929112559.0 | ||
| 008 | 190610b1998 xxu||||| |||| 00| 0 spa d | ||
| 020 | _a9977310769 | ||
| 041 | _aESP | ||
| 082 | _a304.44 M778g | ||
| 100 |
_aMontero Mejía, Álvaro _924528 |
||
| 245 | _aLa globalización contra los pueblos | ||
| 260 | _aCosta Rica | ||
| 260 | _bJURICENTRO | ||
| 260 | _c1998 | ||
| 300 | _a231 páginas | ||
| 650 | _aCOSTA RICA | ||
| 650 | _aGLOBALIZACIÓN | ||
| 650 | _aECONOMÍA | ||
| 650 | _aDESARROLLO SOCIAL | ||
| 942 | _cBK | ||
| 999 |
_c12027 _d12027 |
||